Quiz sur le 18e arrondissement de Paris - Statistiques

Statistiques générales
  • Ce quiz a été pris 31 fois
  • Le résultat moyen est 13 sur 20
Statistiques - réponses
Question Réponse % Correct
Nom de l'arrondissement Buttes-Montmartre
100%
Quelle basilique catholique siège au sommet de la butte Montmartre, ce qui fait de son dôme un des points culminants les plus hauts de Paris ? Le Sacré-Coeur
90%
Quel cabaret célèbre dans le monde, situé dans le quartier précédent, est connu pour ses spectacles de French cancan et a été maintes fois dépeint au cinéma ? Le Moulin Rouge
83%
Quel judoka français 11 fois champion du monde et 3 fois champion olympique a grandi dans le 18e arrondissement ? Teddy Riner
83%
Pour l'édition 2025, quelle compétition sportive a vu sa dernière étape passer par la célèbre rue Lepic ? Le Tour de France
80%
Quel peintre surréaliste espagnol à la moustache particulière est mis à l'honneur dans un musée d'art situé rue Poulbot ? Salvador Dalí
80%
Quelle insurrection française débute le 18 mars 1871 lorsque les Parisiens empêchent l'enlèvement des canons par la Garde Nationale à Montmartre ? La Commune
77%
Quel quartier, qui doit son nom à un sculpteur, est reconnaissable pour ses enseignes aux néons multicolores, cabarets et commerces érotiques ? Pigalle
77%
Quel service de transport exploité par la RATP permet d'accéder au sommet de la butte Montmartre depuis la rue Seveste située 36 m plus bas ? Le funiculaire de Montmartre
73%
Quelle salle de spectacle, portant le nom d'un insecte chanteur, a accueilli Johnny Hallyday, Booba ou encore les Rita Mitsouko ? La Cigale
70%
Quelle comédie romantique de Jean-Pierre Jeunet raconte les aventures d'une jeune serveuse au Café des 2 moulins à Montmartre ? Le Fabuleux Destin d'Amélie Poulain
70%
Lors du discours d'Orléans en 1991, quelle expression Jacques Chirac (alors maire de Paris) utilise-t-il pour parler du quartier de la Goutte-d'Or ? "Le bruit et l'{odeur}"
60%
Quelle fête annuelle ayant lieu en octobre voit l'arrivée des cuvées du Clos-Montmartre ? La Fête des {vendanges}
60%
Quartiers administratifs Chapelle
53%
Quartiers administratifs Goutte-d'Or
53%
Quelle place à 130 m d'altitude, accueillant de nombreux artistes et artisans de rue, était le domicile de peintres tels que Toulouse-Lautrec, Picasso ou Utrillo ? Place du {Tertre}
53%
Quel autre nom est donné au marché couvert de la Chapelle inscrit monument historique, portant le nom d'un fruit méditerranéen de couleur verte ? Marché de l'{Olive}
43%
Quartiers administratifs Clignancourt
40%
Quartiers administratifs Grandes-Carrières
33%
Quel minéral, anciennement appelé "pierre de lune", était extrait dans les anciennes carrières de Montmartre en tant que composé principal du plâtre ? Le gypse
23%
Aucun quiz correspondant
Distribution des résultats
% des personnes avec chaque résultat
Percentile par nombre de réponses
Votre historique - résultats
Vous n’avez pas pris ce quiz